Every Person to Receive Electoral College Votes - Statistics

General Stats
  • This quiz has been taken 26 times
  • The average score is 114 of 177
Answer Stats
Year EVs Answer % Correct
1992 370 Bill Clinton
95%
1996 379 Bill Clinton
95%
1812 89 DeWitt Clinton
95%
2016 304 Donald Trump
95%
2020 232 Donald Trump
95%
2024 312 Donald Trump
95%
1789 3 George Clinton
95%
1792 50 George Clinton
95%
1796 7 George Clinton
95%
1808 6 George Clinton
95%
1789 69 George Washington
95%
1792 132 George Washington
95%
1796 2 George Washington
95%
2016 227 Hillary Clinton
95%
2020 306 Joe Biden
95%
1789 34 John Adams
95%
1792 77 John Adams
95%
1796 71 John Adams
95%
1800 65 John Adams
95%
1820 1 John Quincy Adams
95%
1824 84 John Quincy Adams
95%
1828 83 John Quincy Adams
95%
2024 226 Kamala Harris
95%
1796 15 Samuel Adams
95%
1792 4 Thomas Jefferson
95%
1796 68 Thomas Jefferson
95%
1800 73 Thomas Jefferson
95%
1804 162 Thomas Jefferson
95%
2008 365 Barack Obama
90%
2012 332 Barack Obama
90%
1932 472 Franklin D. Roosevelt
90%
1936 523 Franklin D. Roosevelt
90%
1940 449 Franklin D. Roosevelt
90%
1944 432 Franklin D. Roosevelt
90%
1988 426 George H. W. Bush
90%
1992 168 George H. W. Bush
90%
2000 266 George W. Bush
90%
2004 286 George W. Bush
90%
1960 303 John F. Kennedy
90%
1904 336 Theodore Roosevelt
90%
1912 88 Theodore Roosevelt
90%
1860 180 Abraham Lincoln
85%
1864 212 Abraham Lincoln
85%
2000 271 Al Gore
85%
1824 99 Andrew Jackson
85%
1828 178 Andrew Jackson
85%
1832 219 Andrew Jackson
85%
1789 1 Benjamin Lincoln
85%
1976 240 Gerald Ford
85%
1884 219 Grover Cleveland
85%
1888 168 Grover Cleveland
85%
1892 277 Grover Cleveland
85%
1816 183 James Monroe
85%
1820 231 James Monroe
85%
1976 297 Jimmy Carter
85%
1980 49 Jimmy Carter
85%
1964 486 Lyndon B. Johnson
85%
1960 219 Richard Nixon
85%
1968 301 Richard Nixon
85%
1972 520 Richard Nixon
85%
1868 214 Ulysses S. Grant
85%
1872 286 Ulysses S. Grant
85%
1912 435 Woodrow Wilson
85%
1916 277 Woodrow Wilson
85%
1888 233 Benjamin Harrison
80%
1892 145 Benjamin Harrison
80%
1924 382 Calvin Coolidge
80%
1952 442 Dwight D. Eisenhower
80%
1956 457 Dwight D. Eisenhower
80%
2012 206 Mitt Romney
80%
1976 1 Ronald Reagan
80%
1980 489 Ronald Reagan
80%
1984 525 Ronald Reagan
80%
1944 99 Thomas Dewey
80%
1948 189 Thomas Dewey
80%
1836 73 William Henry Harrison
80%
1840 234 William Henry Harrison
80%
1952 89 Adlai Stevenson II
75%
1956 73 Adlai Stevenson II
75%
1928 87 Alfred Smith
75%
1972 17 George McGovern
75%
1948 303 Harry S. Truman
75%
1928 444 Herbert Hoover
75%
1932 59 Herbert Hoover
75%
1856 174 James Buchanan
75%
1844 170 James K. Polk
75%
1808 122 James Madison
75%
1812 128 James Madison
75%
2004 251 John Kerry
75%
2008 173 John McCain
75%
1836 170 Martin Van Buren
75%
1840 60 Martin Van Buren
75%
1988 111 Michael Dukakis
75%
1876 185 Rutherford B. Hayes
75%
1920 404 Warren G. Harding
75%
1908 321 William Howard Taft
75%
1912 8 William Howard Taft
75%
1964 52 Barry Goldwater
70%
1996 159 Bob Dole
70%
1852 254 Franklin Pierce
70%
1968 191 Hubert H. Humphrey
70%
1880 214 James A. Garfield
70%
1984 13 Walter Mondale
70%
1896 271 William McKinley
70%
1900 292 William McKinley
70%
1968 46 George Wallace
65%
1824 37 Henry Clay
65%
1832 49 Henry Clay
65%
1844 105 Henry Clay
65%
1856 8 Millard Fillmore
65%
1848 163 Zachary Taylor
65%
2016 1 Bernie Sanders
60%
1860 12 Stephen Douglas
60%
1896 176 William Jennings Bryan
60%
1900 155 William Jennings Bryan
60%
1908 162 William Jennings Bryan
60%
1792 1 Aaron Burr
55%
1796 30 Aaron Burr
55%
1800 73 Aaron Burr
55%
1936 8 Alfred M. Landon
55%
1876 184 Samuel Tilden
55%
1796 1 Charles C. Pinckney
50%
1800 64 Charles C. Pinckney
50%
1804 14 Charles C. Pinckney
50%
1808 47 Charles C. Pinckney
50%
1864 21 George McClellan
50%
1796 59 Thomas Pinckney
50%
2004 1 John Edwards
45%
1948 39 Strom Thurmond
45%
1940 82 Wendell Willkie
45%
1852 42 Winfield Scott
45%
1880 155 Winfield Scott Hancock
45%
1904 140 Alton B. Parker
40%
1872 18 Benjamin Gratz Brown
40%
1916 254 Charles E. Hughes
40%
2016 3 Collin Powell
40%
1836 26 Hugh L. White
40%
1884 182 James B. Blaine
40%
2016 1 John Kasich
40%
1836 14 Daniel Webster
35%
1872 1 David Davis
35%
1920 127 James Cox
35%
1860 39 John Bell
35%
1856 114 John C. Frémont
35%
1789 4 John Hancock
35%
1924 136 John W. Davis
35%
1848 127 Lewis Cass
35%
2016 1 Ron Paul
35%
1816 34 Rufus King
35%
2016 1 Faith Spotted Eagle
30%
1860 72 John C. Breckenridge
30%
1924 13 Robert La Follette
30%
1824 41 William H. Crawford
30%
1868 80 Horatio Seymour
25%
1789 9 John Jay
25%
1796 5 John Jay
25%
1800 1 John Jay
25%
1988 1 Lloyd Bentsen
25%
1892 22 James B. Weaver
20%
1956 1 Walter B. Jones
20%
1832 7 William Wirt
20%
1960 15 Harry F. Byrd
15%
1796 2 John Henry
15%
1796 2 Samuel Johnston
15%
1872 42 Thomas A. Hendricks
15%
1836 11 Willie P. Mangum
15%
1832 11 John Floyd
10%
1972 1 John Hospers
10%
1789 6 John Rutledge
10%
1796 11 Oliver Ellsworth
10%
1796 3 James Iredell
5%
1872 2 Charles J. Jenkins
0%
1789 1 Edward Telfair
0%
1789 1 James Armstrong
0%
1789 2 John Milton
0%
1789 6 Robert H. Hutchinson
0%
1789 2 Samuel Huntington
0%
No matching quizzes found
Score Distribution
Percent of People with Each Score
Percentile by Number Answered
Your Score History
You have not taken this quiz